Geboren in Stockholm - Statistiken

Allgemein
  • Dieses Quiz wurde 23 mal gespielt
    11 seit der letzten Aktualisierung
  • Das Durchschnittsergebnis liegt bei 7 aus 49
Antwortstatistiken
Hinweis Antwort % Korrekt
Erfinder des Dynamits und Stifter des Nobelpreises 1833 Alfred Nobel
88%
Klimaschutzaktivistin und Initiatorin der "Fridays for Future"-Bewegung 2003 Greta Thunberg
63%
früherer Tennisstar und 11xfacher Grand Slam Sieger 1956 Björn Borg
50%
schwedischer König zur Zeit des Dreißigjährigen Krieges und wichtige Figur der schwedischen Geschichte 1594 Gustav II. Adolf
50%
Schriftsteller, "Wallander"-Reihe 1948 Henning Mankell
50%
langjähriger Ministerpräsident, der ermordet wurde 1927 Olof Palme
50%
Mitglied der Band ABBA 1946 Benny Andersson
38%
Schauspieler, "Rocky IV" "The Expendables" 1957 Dolph Lundgren
38%
DJ und Musikproduzent, "Levels" "Brother" "Wake Me Up" 1989 Avicii
25%
Sängerin und ESC-Siegerin, "Euphoria" 1983 Loreen
25%
Rekorstorschützin der schwedischen Frauennationalmannschaft 1984 Lotta Schelin
25%
DJ und Musikproduzent, "Under Control" "Habits" 1991 Alesso
13%
König von Schweden 1946 Carl XVI. Adolf
13%
Fußballnationalspieler, Tottenham Hotspurs 2000 Dejan Kulusevski
13%
deutsch-italienischer Journalist und Chefredakteur von "Die Zeit" 1959 Giovanni di Lorenzo
13%
Schauspielerin und Hollywood-Ikone, "Ninotschka" "Anna Karenina" 1905 Greta Garbo
13%
Sportfunktionär, früherer UEFA-Präsident und FIFA-Vizepräsident 1929 Lennart Johansson
13%
Fußballnationalspielerin, FC Chelsea 1993 Magdalena Eriksson
13%
Schauspielerin, "Pippi Langstrumpf"-Filme 1959 Maria Persson
13%
Entwickler von "Minecraft" 1979 Markus Persson
13%
einer der erfolgreichsten Musikproduzenten seit den 90er Jahren (u.a für Katy Perry, Backstreet Boys und Britney Spears) 1971 Max Martin
13%
Sängerin, "Dancing on My Own" "Show Me Love" 1979 Robyn
13%
DJ und früheres Mitglied der Swedish House Mafia, jetzt im Duo Axwell tätig 1983 Sebastian Ingrosso
13%
Milliardär, Miteigentümer von H&M und reichster Mann Schwedens 1947 Stefan Persson
13%
Nationalspieler, Sampdoria Genua 1989 Albin Ekdal
0%
Schauspieler, "Legend of Tarzan" "Zoolander" 1976 Alexander Skarsgard
0%
Chemiker und Nobelpreisträger 1902 Arne Tiselius
0%
Milliardär und Gründer von EF Education 1941 Bertil Hult
0%
Schauspieler, bekannt für seine Rolle Pennywise in "Es" 1990 Bill Skarsgard
0%
Milliardär und Mitgründer von Spotify 1983 Daniel Ek
0%
chilenisch-schwedischer Regisseur, "Morbius" "Kind 44" "Life" 1977 Daniél Espinosa
0%
Schauspieler, "Chernobyl" "No Time to Die" 1974 David Dencik
0%
Schauspieler, bekannt für seine Rolle als Prinz Wilhelm in "Young Royals" 2003 Edvin Ryding
0%
Fußballnationalspieler, Newcastle United 1994 Emil Krafth
0%
Eishockeyspieler, Colorado Avalanche 1992 Gabriel Landeskog
0%
Politiker und Friedensnobelpreisträger 1860 Hjalmar Branting
0%
Opernsängerin, "schwedische Nachtigall" 1820 Jenny Lind
0%
Regisseur, "Gilbert Grape" "Gottes Werk & Teufels Beitrag" 1946 Lasse Hallström
0%
Fußballnationalspieler, FC Sevilla 1994 Ludwig Augustinsson
0%
Autorin, "Quicksand" 1968 Malin Persson Giolito
0%
Schauspieler, "John Wick" "Mission Impossible" 1960 Mikael Nyqvist
0%
Sängerin, "Buffalo Stance" "I've Got You Under My Skin" 1964 Neneh Cherry
0%
Schauspielerin, "Star Wars: Episode I" "Die besten Absichten" "Fanny und Alexander" 1958 Pernilla August
0%
Physiker, der sich um die Einführung des Strahlenschutzes verdient gemacht hat. Die Maßeinheit der Äquivalentdosis ist nach ihm benannt. 1896 Rolf Sievert
0%
früherer schwedischer Ministerpräsident (2014-2021) 1957 Stefan Löfven
0%
Begründer der Paläogenetik und Medizinnobelpreisträger 1955 Svante Pääbo
0%
Krebsforscher und Chemienobelpreisträger für seine Forschung zur DNA-Reparatur 1938 Tomas Lindahl
0%
Lyriker und Literaturnobelpreisträger 1931 Tomas Tranströmer
0%
Schauspielerin, "Auslöschung" "Borg/McEnroe" 1979 Tuva Novotny
0%
Keine übereinstimmenden Quizze gefunden
Verteilung der Resultate
Anzahl Personen mit jedem Resultat
Perzentil nach korrekt beantworteten Fragen
Ihre Resultats-Entwicklung
Sie haben dieses Quiz seit der letzten Aktualisierung nicht gespielt